000 00957nam a22002177a 4500
001 38726
003 BD-RjUL
005 20211209052840.0
008 160214s2002 bg ||||| |||| 00| 0 b d
035 _a(BD-RjUL)38835
040 _aBD-RjUL
_beng
_cBD-RjUL
_dBD-RjUL
041 _aben
082 _223
_a354.495492
_bALZ 2002
100 _aআলমগীর, এ. টি. এম. , সংক.
_9119471
245 _aজাতীয় বাজেট বক্তৃতা :
_bজিয়া-সাইফুর পর্ব /
_cসংকলন ও পর্যারোচনা : এ. টি. এম. আলমগীর
260 _aঢাকা :
_bলিরিক,
_c২০০২
300 _a৫৯০ পৃ. :
_bচিত্র ;
_c২২ সেমি.
650 _aবাজেট
_vইতিহাস
_y১৯৭১-২০০৩
_zবাংলাদেশ
_9119472
650 _aBudget
_vHistory
_y1971-2003
_zBangladesh
_9119473
942 _2ddc
_cBK
999 _c38726
_d38726